Statistics for Asia Coats of Arms

Click here to take the quiz!

General Stats

  • This quiz has been taken 201 times
  • The average score is 39 of 48

Answer Stats

Answer % Correct
Iran
98%
Vietnam
98%
South Korea
94%
Israel
92%
Afghanistan
92%
Turkey
92%
Lebanon
91%
China
91%
North Korea
90%
Maldives
89%
Syria
89%
Iraq
89%
Nepal
89%
Philippines
89%
Taiwan
89%
Japan
89%
Qatar
88%
Singapore
88%
Saudi Arabia
86%
United Arab Emirates
86%
Thailand
85%
Mongolia
85%
Myanmar
84%
Laos
83%
Sri Lanka
83%
India
83%
Timor-Leste
82%
Bahrain
82%
Uzbekistan
81%
Oman
80%
Pakistan
80%
Kazakhstan
79%
Yemen
78%
Kuwait
77%
Tajikistan
77%
Turkmenistan
77%
Bhutan
76%
Jordan
75%
Malaysia
74%
Georgia
74%
Azerbaijan
74%
Kyrgyzstan
74%
Cyprus
70%
Brunei
68%
Cambodia
67%
Armenia
64%
Indonesia
58%
Bangladesh
48%

Score Distribution

Percentile by Number Answered

Percent of People with Each Score

Your Score History

You have not taken this quiz